A history of classical greek literature / (Registro nro. 158511)
[ vista simple ]
| 000 -LEADER | |
|---|---|
| campo de control de longitud fija | 00666nam a2200169 i 4500 |
| 001 - NÚMERO DE CONTROL | |
| campo de control | 158511 |
| 003 - IDENTIFICADOR DE NÚMERO DE CONTROL | |
| campo de control | ES-MaACL |
| 005 - FECHA Y HORA DE LA ÚLTIMA TRANSACCIÓN | |
| campo de control | 20230906211156.0 |
| 008 - DATOS DE LONGITUD FIJA--INFORMACIÓN GENERAL | |
| campo de control de longitud fija | 040831s1880 xxk |||| | eng d |
| 100 1# - ENTRADA PRINCIPAL--NOMBRE DE PERSONA | |
| Nombre de persona | Mahaffy, John Pentland. |
| 9 (RLIN) | 129354 |
| 245 12 - MENCIÓN DEL TÍTULO | |
| Título | A history of classical greek literature / |
| Mención de responsabilidad, etc. | by J.P. Mahaffy. |
| 260 ## - PUBLICACIÓN, DISTRIBUCIÓN, ETC. | |
| Lugar de publicación, distribución, etc. | London : |
| Nombre del editor, distribuidor, etc. | Longmans, Green and Co., |
| Fecha de publicación, distribución, etc. | 1880 ( |
| Fabricante | Spottiswoode and Co.) |
| 300 ## - DESCRIPCIÓN FÍSICA | |
| Extensión | 2 v. (XII, 525 ; 458 p.) ; |
| Dimensiones | 19 cm. |
| 505 8# - NOTA DE CONTENIDO CON FORMATO | |
| Nota de contenido con formato | Contiene : I. The poets (with an appendix on Homer, by Prof. Sayce) - II. The prose writers |
| 650 00 - PUNTO DE ACCESO ADICIONAL DE MATERIA--TÉRMINO DE MATERIA | |
| Término de materia o nombre geográfico como elemento de entrada | Literatura griega- |
| Subdivisión general | Historia y crítica. |
| 9 (RLIN) | 14599 |
| 852 ## - LOCALIZACIÓN | |
| Ubicación | ES-MaACL |
| Número de control de estantería | F-10963-64 |
| Nota libre | - Enc. tela |
| Estatus retirado | Estado de pérdida | Estado de daño | No para préstamo | Colección | Biblioteca de origen | Biblioteca actual | Ubicación en estantería | Fecha de adquisición | Total de préstamos | Signatura topográfica completa | Código de barras | Visto por última vez | Precio de reemplazo | Tipo de ítem Koha |
|---|---|---|---|---|---|---|---|---|---|---|---|---|---|---|
| Libros del s. XIX | Biblioteca del Ateneo de Madrid | Biblioteca del Ateneo de Madrid | Sala Pecera Planta 2 | 17/01/2008 | F-10963-64 | 1165909 | 23/02/2023 | 23/02/2023 | Libro impreso antiguo |
